التزامنية / (رقم التسجيلة. 225)

تفاصيل مارك
000 -LEADER
fixed length control field 00532nam a22001697a 4500
005 - DATE AND TIME OF LATEST TRANSACTION
control field 20251108163335.0
008 - FIXED-LENGTH DATA ELEMENTS--GENERAL INFORMATION
fixed length control field 250721s1990 xx 000 0 ara d
082 14 - DEWEY DECIMAL CLASSIFICATION NUMBER
Classification number 133/تزا
100 1# - MAIN ENTRY--PERSONAL NAME
Personal name سليمان، سعد هادي
Relator term جامع
245 10 - TITLE STATEMENT
Title التزامنية /
264 1# - PRODUCTION, PUBLICATION, DISTRIBUTION, MANUFACTURE, AND COPYRIGHT NOTICE
Place of production, publication, distribution, manufacture بغداد :
Name of producer, publisher, distributor, manufacturer الدار الوطنية للنشر والتوزيع،
Date of production, publication, distribution, manufacture, or copyright notice 1990.
300 ## - PHYSICAL DESCRIPTION
Extent 160 ص
490 0# - SERIES STATEMENT
Series statement سلسلة كتاب الباراسايكولوجي ؛ 8
650 17 - SUBJECT ADDED ENTRY--TOPICAL TERM
Topical term or geographic name as entry element علم نفس التخاطر
942 ## - ADDED ENTRY ELEMENTS (KOHA)
Source of classification or shelving scheme Dewey Decimal Classification
Koha item type كتب
المقتنيات
حالة السحب حالة الفقدان مصدر التصنيف حالة التلف غير قابل للإعارة المكتبة الرئيسية المكتبة الحالية موقع الرف تاريخ التزويد الرقم المتسلسل Total Checkouts رقم الإستدعاء الباركود تاريخ آخر ظهور تاريخ الفاتورة نوع المادة (كوها)
    Dewey Decimal Classification     المكتبة المركزية المكتبة المركزية الإعارة 12/07/2004 176351   133/تزا 176351 28/07/2025 12/07/2004 كتب
    Dewey Decimal Classification Unchecked   مكتبة الأميرة ايمان العامة مكتبة الأميرة ايمان العامة الإعارة 12/07/2004 1686   133/تزا   28/07/2025 12/07/2004 كتب
    Dewey Decimal Classification     مكتبة النصر العامة مكتبة النصر العامة الإعارة 16/09/2014 [3471   133/تزا PLD00307074 28/07/2025 16/09/2014 كتب
Implemented & Customized by: BBB with SCIT (Smart Chains for Information Technology)

Powered by Koha